| 000 | 00558nam a2200205Ia 4500 | ||
|---|---|---|---|
| 003 | 0100 | ||
| 005 | 20160818100656.0 | ||
| 008 | 130303s9999 xx 000 0 und d | ||
| 040 | _cARRUPELIB | ||
| 050 | _aBX3706.2.M351987 | ||
| 100 |
_aMartin, Malachi _925234 |
||
| 245 | 4 | _aThe Jesuits | |
| 245 | _bThe Society of Jesus and the betrayal of the Roman Catholic Church | ||
| 260 | _aNY | ||
| 260 | _bThe Linden Pr. | ||
| 300 | _a525p | ||
| 650 |
_bJesuits _xHistory _y20th Century _925235 |
||
| 650 |
_bJesuits _xHistory _96572 |
||
| 942 |
_2lcc _cMONOGRAPH |
||
| 999 |
_c22335 _d22335 |
||